000 00791nam a2200253Ia 4500
003 OSt
005 20220923215718.0
006 a|||||r|||| 00| 0
007 ta
008 220922b |||||||| |||| 00| 0 hin d
024 _a181,111
037 _cTextual
040 _aARTS
_cARTS
_bhin
041 _2hin
_ahin
082 _aO152,1:g, N3
100 _aसुखबीर सिंह
245 0 _aकविता के नये सीमान्त
246 _aKavitā ke naye sīmānta
260 _aदिल्ली
_b पराग प्रकाशन
_c1993
300 _a108 पृ.
_ccm.
650 _aहिन्दी साहित्य
_9156264
942 _hO152,1:g, N3
_cTEXL
_2CC
999 _c334489
_d334489